[Event "DVM U16w 2024"]
[Site "Neumünster GER"]
[Date "2024.12.28"]
[Round "3"]
[White "Schmidt, Emelie"]
[Black "Hladeniuk, Yelyzaveta"]
[Result "1-0"]
[Termination "normal"]
[Board "7.3"]
[WhiteElo "1545"]
[BlackElo "1630"]
[WhiteClock "00:36:16"]
[BlackClock "00:59:19"]
[WhiteTeam "SV Stuttgart-Wolfbusch 1956"]
[BlackTeam "SchachAkademiePaderborn"]
[PlyCount "87"]
[WhiteFideId "34682490"]
[BlackFideId "34176128"]
[EventCountry "GER"]
[EventRounds "7"]
[EventType "team-swiss"]
[EventDate "2024.12.26"]

1. d4 {[%clk 01:30:58]} {[%emt 00:00:01]} Nf6 {[%clk 01:30:55]} {[%emt
00:00:06]} 2. c4 {[%clk 01:31:19]} {[%emt 00:00:08]} e6 {[%clk 01:31:12]}
{[%emt 00:00:14]} 3. Nc3 {[%clk 01:31:38]} {[%emt 00:00:11]} Bb4 {[%clk
01:31:36]} {[%emt 00:00:06]} 4. Bg5 {[%clk 01:31:41]} {[%emt 00:00:28]} O-O
{[%clk 01:31:55]} {[%emt 00:00:11]} 5. e3 {[%clk 01:31:47]} {[%emt 00:00:23]}
d5 {[%clk 01:32:06]} {[%emt 00:00:19]} 6. a3 {[%clk 01:31:03]} {[%emt
00:01:15]} Bxc3+ {[%clk 01:32:28]} {[%emt 00:00:09]} 7. bxc3 {[%clk 01:31:20]}
{[%emt 00:00:12]} h6 {[%clk 01:32:42]} {[%emt 00:00:16]} 8. Bh4 {[%clk
01:31:30]} {[%emt 00:00:20]} Nbd7 {[%clk 01:32:42]} {[%emt 00:00:29]} 9. Nf3
{[%clk 01:31:00]} {[%emt 00:01:01]} b6 {[%clk 01:32:29]} {[%emt 00:00:42]} 10.
cxd5 {[%clk 01:30:14]} {[%emt 00:01:17]} exd5 {[%clk 01:32:47]} {[%emt
00:00:12]} 11. Bd3 {[%clk 01:29:43]} {[%emt 00:01:01]} a5 {[%clk 01:30:55]}
{[%emt 00:02:23]} 12. h3 {[%clk 01:22:00]} {[%emt 00:08:12]} Ba6 {[%clk
01:30:42]} {[%emt 00:00:43]} 13. Bc2 {[%clk 01:21:39]} {[%emt 00:00:51]} Qe8
{[%clk 01:29:59]} {[%emt 00:01:13]} 14. Ba4 {[%clk 01:18:43]} {[%emt 00:03:26]}
Qe6 {[%clk 01:28:46]} {[%emt 00:01:40]} 15. Ng1 {[%clk 01:11:36]} {[%emt
00:07:40]} Ne4 {[%clk 01:27:36]} {[%emt 00:01:40]} 16. Rc1 {[%clk 01:11:11]}
{[%emt 00:00:55]} Rfe8 {[%clk 01:26:54]} {[%emt 00:01:11]} 17. Ne2 {[%clk
01:10:14]} {[%emt 00:01:28]} Bxe2 {[%clk 01:23:56]} {[%emt 00:03:27]} 18. Qxe2
{[%clk 01:08:45]} {[%emt 00:02:00]} g5 {[%clk 01:23:50]} {[%emt 00:00:36]} 19.
f3 {[%clk 01:06:08]} {[%emt 00:03:07]} Nef6 {[%clk 01:21:47]} {[%emt 00:02:31]}
20. Bf2 {[%clk 01:06:09]} {[%emt 00:00:30]} Qd6 {[%clk 01:20:18]} {[%emt
00:01:58]} 21. Qb2 {[%clk 01:04:02]} {[%emt 00:02:39]} Re7 {[%clk 01:17:27]}
{[%emt 00:03:19]} 22. O-O {[%clk 01:02:16]} {[%emt 00:02:18]} c5 {[%clk
01:17:00]} {[%emt 00:00:57]} 23. dxc5 {[%clk 00:57:00]} {[%emt 00:05:46]} Nxc5
{[%clk 01:16:44]} {[%emt 00:00:46]} 24. Bc2 {[%clk 00:56:37]} {[%emt 00:00:53]}
Rb8 {[%clk 01:15:30]} {[%emt 00:01:44]} 25. Rfd1 {[%clk 00:54:59]} {[%emt
00:02:09]} b5 {[%clk 01:14:07]} {[%emt 00:01:52]} 26. e4 {[%clk 00:53:24]}
{[%emt 00:02:05]} Na4 {[%clk 01:13:51]} {[%emt 00:00:47]} 27. Bxa4 {[%clk
00:52:22]} {[%emt 00:01:31]} bxa4 {[%clk 01:14:11]} {[%emt 00:00:10]} 28. Qa2
{[%clk 00:52:31]} {[%emt 00:00:21]} Rb3 {[%clk 01:12:50]} {[%emt 00:01:51]} 29.
exd5 {[%clk 00:48:53]} {[%emt 00:04:08]} Rc7 {[%clk 01:07:27]} {[%emt
00:05:52]} 30. c4 {[%clk 00:47:19]} {[%emt 00:02:05]} Rxa3 {[%clk 01:05:15]}
{[%emt 00:02:43]} 31. Qd2 {[%clk 00:41:48]} {[%emt 00:06:01]} Qb4 {[%clk
01:02:20]} {[%emt 00:03:25]} 32. d6 {[%clk 00:39:45]} {[%emt 00:02:33]} Rd7
{[%clk 01:00:52]} {[%emt 00:01:56]} 33. c5 {[%emt 00:02:34]} Ne8 {[%clk
01:00:03]} {[%emt 00:01:17]} 34. Qxb4 {[%clk 00:35:34]} {[%emt 00:02:40]} axb4
{[%clk 01:00:13]} {[%emt 00:00:20]} 35. Re1 {[%clk 00:34:54]} {[%emt 00:01:09]}
Kf8 {[%clk 01:00:11]} {[%emt 00:00:32]} 36. c6 {[%clk 00:34:30]} {[%emt
00:00:54]} Rxd6 {[%clk 00:59:04]} {[%emt 00:01:37]} 37. Bc5 {[%clk 00:34:53]}
{[%emt 00:00:06]} Rad3 {[%clk 00:58:52]} {[%emt 00:00:41]} 38. Bxb4 {[%clk
00:34:54]} {[%emt 00:00:31]} a3 {[%clk 00:58:42]} {[%emt 00:00:40]} 39. Bxd6+
{[%clk 00:35:10]} {[%emt 00:00:14]} Nxd6 {[%clk 00:58:57]} {[%emt 00:00:16]}
40. Red1 {[%clk 00:35:10]} {[%emt 00:00:29]} Rxd1+ {[%clk 00:58:33]} {[%emt
00:00:54]} 41. Rxd1 {[%clk 00:35:34]} {[%emt 00:00:06]} Nb5 {[%clk 00:58:46]}
{[%emt 00:00:17]} 42. Rc1 {[%clk 00:35:30]} {[%emt 00:00:33]} a2 {[%clk
00:59:04]} {[%emt 00:00:12]} 43. Ra1 {[%clk 00:35:53]} {[%emt 00:00:08]} Nc3
{[%clk 00:59:19]} {[%emt 00:00:14]} 44. c7 {[%clk 00:36:16]} {[%emt 00:00:08]}
1-0

[Event "DVM U16w 2024"]
[Site "Neumünster GER"]
[Date "2024.12.28"]
[Round "3"]
[White "Cao, Weiqi"]
[Black "Klotz, Emilia Marie"]
[Result "1-0"]
[Termination "normal"]
[Board "7.4"]
[WhiteElo "1610"]
[BlackElo "781"]
[WhiteClock "00:22:50"]
[BlackClock "00:00:38"]
[WhiteTeam "SchachAkademiePaderborn"]
[BlackTeam "SV Stuttgart-Wolfbusch 1956"]
[PlyCount "59"]
[WhiteFideId "34630112"]
[EventCountry "GER"]
[EventRounds "7"]
[EventType "team-swiss"]
[EventDate "2024.12.26"]

1. d4 {[%clk 01:30:57]} {[%emt 00:00:02]} d5 {[%clk 01:30:29]} {[%emt
00:00:31]} 2. Nf3 {[%clk 01:31:23]} {[%emt 00:00:05]} Nf6 {[%clk 01:30:32]}
{[%emt 00:00:26]} 3. g3 {[%clk 01:31:47]} {[%emt 00:00:06]} Bf5 {[%clk
01:29:07]} {[%emt 00:01:54]} 4. Bg2 {[%clk 01:31:53]} {[%emt 00:00:25]} e6
{[%clk 01:28:11]} {[%emt 00:01:25]} 5. O-O {[%clk 01:32:07]} {[%emt 00:00:16]}
c5 {[%clk 01:27:57]} {[%emt 00:00:44]} 6. c4 {[%clk 01:30:50]} {[%emt
00:01:48]} dxc4 {[%clk 01:25:40]} {[%emt 00:02:46]} 7. dxc5 {[%clk 01:24:08]}
{[%emt 00:07:14]} Nc6 {[%clk 01:20:51]} {[%emt 00:05:18]} 8. Nbd2 {[%clk
01:21:44]} {[%emt 00:02:54]} Bxc5 {[%clk 01:15:35]} {[%emt 00:05:47]} 9. Nxc4
{[%clk 01:19:14]} {[%emt 00:03:01]} O-O {[%clk 01:13:54]} {[%emt 00:02:09]} 10.
a3 {[%clk 01:17:01]} {[%emt 00:02:45]} Rc8 {[%clk 00:59:48]} {[%emt 00:14:34]}
11. Nce5 {[%clk 01:11:26]} {[%emt 00:06:06]} Bb6 {[%clk 00:49:50]} {[%emt
00:10:29]} 12. Bg5 {[%clk 01:09:02]} {[%emt 00:02:54]} Qxd1 {[%clk 00:40:51]}
{[%emt 00:09:29]} 13. Rfxd1 {[%clk 01:06:56]} {[%emt 00:02:36]} Nxe5 {[%clk
00:35:45]} {[%emt 00:05:36]} 14. Nxe5 {[%clk 01:06:13]} {[%emt 00:01:15]} Bc7
{[%clk 00:33:57]} {[%emt 00:01:57]} 15. Bxf6 {[%clk 01:04:29]} {[%emt
00:02:35]} gxf6 {[%clk 00:32:59]} {[%emt 00:01:28]} 16. Nd7 {[%clk 01:04:03]}
{[%emt 00:00:55]} Rfd8 {[%clk 00:31:04]} {[%emt 00:02:24]} 17. Bxb7 {[%clk
01:02:45]} {[%emt 00:01:49]} Bc2 {[%clk 00:27:33]} {[%emt 00:03:59]} 18. Rd4
{[%emt 00:07:32]} Be5 {[%clk 00:24:59]} {[%emt 00:02:57]} 19. Rg4+ {[%clk
00:55:17]} {[%emt 00:01:03]} Bg6 {[%clk 00:23:37]} {[%emt 00:01:52]} 20. Bxc8
{[%clk 00:54:33]} {[%emt 00:01:16]} Rxc8 {[%clk 00:23:03]} {[%emt 00:01:02]}
21. Nxe5 {[%clk 00:53:29]} {[%emt 00:01:36]} fxe5 {[%clk 00:22:48]} {[%emt
00:00:44]} 22. Rb4 {[%clk 00:44:26]} {[%emt 00:09:32]} Rc2 {[%clk 00:12:46]}
{[%emt 00:10:31]} 23. e3 {[%clk 00:43:41]} {[%emt 00:01:15]} e4 {[%clk
00:10:50]} {[%emt 00:02:28]} 24. b3 {[%clk 00:32:11]} {[%emt 00:12:01]} Bh5
{[%clk 00:07:07]} {[%emt 00:04:11]} 25. Rxe4 {[%clk 00:29:42]} {[%emt
00:03:01]} Bf3 {[%clk 00:04:50]} {[%emt 00:02:46]} 26. Rc4 {[%clk 00:28:30]}
{[%emt 00:01:38]} Rd2 {[%clk 00:04:06]} {[%emt 00:01:15]} 27. b4 {[%clk
00:27:43]} {[%emt 00:01:22]} Bd5 {[%clk 00:02:03]} {[%emt 00:02:32]} 28. Rc5
{[%clk 00:25:13]} {[%emt 00:02:55]} Bf3 {[%clk 00:01:17]} {[%emt 00:01:19]} 29.
a4 {[%clk 00:24:10]} {[%emt 00:01:36]} Re2 {[%clk 00:00:38]} {[%emt 00:01:08]}
30. a5 {[%clk 00:22:50]} {[%emt 00:01:50]} 1-0

[Event "DVM U16w 2024"]
[Site "Neumünster GER"]
[Date "2024.12.28"]
[Round "3"]
[White "Modali, Nikhilamrutha"]
[Black "Halas, Neele Zoe"]
[Result "0-1"]
[Termination "normal"]
[Board "8.1"]
[WhiteElo "1640"]
[BlackElo "1835"]
[WhiteClock "00:15:18"]
[BlackClock "01:08:59"]
[WhiteTeam "Hamburger SK 1830"]
[BlackTeam "SG Leipzig"]
[PlyCount "42"]
[WhiteFideId "16282370"]
[BlackFideId "16287282"]
[EventCountry "GER"]
[EventRounds "7"]
[EventType "team-swiss"]
[EventDate "2024.12.26"]

1. e4 {[%clk 01:30:58]} {[%emt 00:00:02]} e5 {[%clk 01:30:45]} {[%emt
00:00:15]} 2. Nf3 {[%clk 01:31:22]} {[%emt 00:00:06]} Nc6 {[%clk 01:31:09]}
{[%emt 00:00:05]} 3. Bb5 {[%clk 01:31:46]} {[%emt 00:00:06]} a6 {[%clk
01:31:33]} {[%emt 00:00:06]} 4. Ba4 {[%clk 01:31:12]} {[%emt 00:01:04]} Nf6
{[%clk 01:31:58]} {[%emt 00:00:06]} 5. Qe2 {[%clk 01:31:37]} {[%emt 00:00:04]}
b5 {[%clk 01:32:22]} {[%emt 00:00:06]} 6. Bb3 {[%clk 01:32:01]} {[%emt
00:00:06]} Be7 {[%clk 01:32:46]} {[%emt 00:00:06]} 7. c3 {[%clk 01:31:47]}
{[%emt 00:00:44]} O-O {[%clk 01:33:04]} {[%emt 00:00:12]} 8. O-O {[%clk
01:27:48]} {[%emt 00:04:29]} d5 {[%clk 01:32:14]} {[%emt 00:01:20]} 9. exd5
{[%clk 01:24:30]} {[%emt 00:03:48]} Nxd5 {[%clk 01:32:38]} {[%emt 00:00:05]}
10. Nxe5 {[%clk 01:20:08]} {[%emt 00:04:53]} Nxe5 {[%clk 01:32:54]} {[%emt
00:00:14]} 11. Qxe5 {[%clk 01:18:50]} {[%emt 00:01:47]} Bb7 {[%clk 01:33:18]}
{[%emt 00:00:06]} 12. d4 {[%clk 01:13:58]} {[%emt 00:05:22]} Re8 {[%clk
01:33:37]} {[%emt 00:00:12]} 13. Qh5 {[%clk 01:09:18]} {[%emt 00:05:09]} Bd6
{[%clk 01:33:41]} {[%emt 00:00:26]} 14. Bg5 {[%clk 00:51:57]} {[%emt 00:17:51]}
Qd7 {[%clk 01:33:46]} {[%emt 00:00:25]} 15. Nd2 {[%clk 00:40:19]} {[%emt
00:12:08]} Bf4 {[%clk 01:22:19]} {[%emt 00:11:57]} 16. Nf3 {[%clk 00:32:13]}
{[%emt 00:08:36]} h6 {[%clk 01:12:35]} {[%emt 00:10:14]} 17. Bxf4 {[%clk
00:24:12]} {[%emt 00:08:32]} Nxf4 {[%clk 01:12:33]} {[%emt 00:00:32]} 18. Ne5
{[%clk 00:17:17]} {[%emt 00:07:24]} Rxe5 {[%clk 01:09:33]} {[%emt 00:03:30]}
19. Qxe5 {[%clk 00:17:40]} {[%emt 00:00:07]} Qg4 {[%clk 01:09:52]} {[%emt
00:00:11]} 20. Bxf7+ {[%clk 00:15:17]} {[%emt 00:02:53]} Kh8 {[%clk 01:08:35]}
{[%emt 00:01:46]} 21. g3 {[%clk 00:15:18]} {[%emt 00:00:31]} Nh3# {[%clk
01:08:59]} {[%emt 00:00:05]} 0-1

[Event "DVM U16w 2024"]
[Site "Neumünster GER"]
[Date "2024.12.28"]
[Round "3"]
[White "Amelang, Jamie Alice"]
[Black "Krasikova, Milana"]
[Result "0-1"]
[Termination "normal"]
[Board "8.2"]
[WhiteElo "1634"]
[BlackElo "1561"]
[WhiteClock "00:00:33"]
[BlackClock "00:07:00"]
[WhiteTeam "SG Leipzig"]
[BlackTeam "Hamburger SK 1830"]
[PlyCount "68"]
[WhiteFideId "34605754"]
[BlackFideId "16287347"]
[EventCountry "GER"]
[EventRounds "7"]
[EventType "team-swiss"]
[EventDate "2024.12.26"]

1. e4 {[%clk 01:30:59]} c5 {[%clk 01:30:54]} {[%emt 00:00:07]} 2. Nf3 {[%clk
01:31:22]} {[%emt 00:00:07]} e6 {[%clk 01:31:18]} {[%emt 00:00:06]} 3. d4
{[%clk 01:31:43]} {[%emt 00:00:08]} cxd4 {[%clk 01:31:43]} {[%emt 00:00:06]} 4.
Nxd4 {[%clk 01:32:02]} {[%emt 00:00:11]} a6 {[%clk 01:32:04]} {[%emt 00:00:09]}
5. Nc3 {[%clk 01:31:58]} {[%emt 00:00:34]} Qc7 {[%clk 01:32:05]} {[%emt
00:00:29]} 6. Be3 {[%clk 01:30:48]} {[%emt 00:01:40]} Nf6 {[%clk 01:29:16]}
{[%emt 00:03:19]} 7. Qf3 {[%clk 01:28:42]} {[%emt 00:02:35]} Bb4 {[%clk
01:23:32]} {[%emt 00:06:15]} 8. Bd2 {[%clk 01:22:10]} {[%emt 00:07:01]} Nc6
{[%clk 01:07:04]} {[%emt 00:16:59]} 9. Nde2 {[%clk 01:09:52]} {[%emt 00:12:47]}
Ne5 {[%clk 00:51:18]} {[%emt 00:16:17]} 10. Qg3 {[%clk 01:07:19]} {[%emt
00:03:02]} O-O {[%clk 00:44:42]} {[%emt 00:07:06]} 11. f4 {[%clk 01:05:02]}
{[%emt 00:02:46]} Nc4 {[%clk 00:41:33]} {[%emt 00:03:40]} 12. e5 {[%clk
00:57:54]} {[%emt 00:07:38]} Nd5 {[%clk 00:30:37]} {[%emt 00:11:27]} 13. Rb1
{[%clk 00:19:12]} {[%emt 00:39:12]} f6 {[%clk 00:24:05]} {[%emt 00:07:01]} 14.
Ne4 {[%clk 00:09:52]} {[%emt 00:09:49]} fxe5 {[%clk 00:20:58]} {[%emt
00:03:38]} 15. Bxb4 {[%clk 00:08:18]} {[%emt 00:02:05]} Nxb4 {[%clk 00:21:04]}
{[%emt 00:00:24]} 16. Qb3 {[%clk 00:05:36]} {[%emt 00:03:11]} Nd5 {[%clk
00:18:42]} {[%emt 00:02:51]} 17. fxe5 {[%clk 00:03:14]} {[%emt 00:02:52]} Nxe5
{[%clk 00:18:11]} {[%emt 00:01:01]} 18. N2g3 {[%clk 00:03:09]} {[%emt
00:00:35]} b5 {[%clk 00:17:03]} {[%emt 00:01:38]} 19. Rc1 {[%clk 00:03:07]}
{[%emt 00:00:33]} Bb7 {[%clk 00:16:21]} {[%emt 00:01:11]} 20. c4 {[%clk
00:02:54]} {[%emt 00:00:43]} Nf4 {[%clk 00:13:30]} {[%emt 00:03:20]} 21. Rc2
{[%clk 00:02:27]} {[%emt 00:00:57]} Rac8 {[%clk 00:12:44]} {[%emt 00:01:16]}
22. c5 {[%clk 00:02:36]} {[%emt 00:00:22]} d5 {[%clk 00:11:05]} {[%emt
00:02:09]} 23. Nd6 {[%clk 00:02:17]} {[%emt 00:00:50]} Rcd8 {[%clk 00:10:05]}
{[%emt 00:01:29]} 24. Qc3 {[%clk 00:01:56]} {[%emt 00:00:51]} Nc4 {[%clk
00:07:44]} {[%emt 00:02:51]} 25. Nxb7 {[%clk 00:01:34]} {[%emt 00:00:52]} Qxb7
{[%clk 00:08:06]} {[%emt 00:00:09]} 26. b3 {[%clk 00:01:54]} {[%emt 00:00:10]}
b4 {[%clk 00:07:54]} {[%emt 00:00:42]} 27. Qa1 {[%emt 00:00:27]} Ne3 {[%clk
00:07:58]} {[%emt 00:00:23]} 28. Rc1 {[%clk 00:02:04]} {[%emt 00:00:25]} Nexg2+
{[%clk 00:07:25]} {[%emt 00:01:02]} 29. Bxg2 {[%clk 00:02:25]} {[%emt
00:00:09]} Nxg2+ {[%clk 00:07:49]} {[%emt 00:00:06]} 30. Kd1 {[%clk 00:02:49]}
{[%emt 00:00:07]} d4 {[%clk 00:07:29]} {[%emt 00:00:51]} 31. c6 {[%clk
00:03:04]} {[%emt 00:00:15]} Ne3+ {[%clk 00:07:38]} {[%emt 00:00:21]} 32. Ke1
{[%clk 00:03:23]} {[%emt 00:00:11]} Qf7 {[%clk 00:06:45]} {[%emt 00:01:22]} 33.
Ne4 {[%clk 00:02:16]} {[%emt 00:01:37]} Ng2+ {[%clk 00:06:52]} {[%emt
00:00:24]} 34. Kd2 {[%clk 00:00:33]} {[%emt 00:02:14]} Qf4+ {[%clk 00:07:00]}
{[%emt 00:00:21]} 0-1

[Event "DVM U16w 2024"]
[Site "Neumünster GER"]
[Date "2024.12.28"]
[Round "3"]
[White "Abram, Kristina-Maria"]
[Black "Peglau, Lorena"]
[Result "1/2-1/2"]
[Termination "normal"]
[Board "8.3"]
[WhiteElo "1460"]
[BlackElo "1508"]
[WhiteClock "00:55:24"]
[BlackClock "00:24:33"]
[WhiteTeam "Hamburger SK 1830"]
[BlackTeam "SG Leipzig"]
[PlyCount "104"]
[WhiteFideId "16298349"]
[BlackFideId "16290542"]
[EventCountry "GER"]
[EventRounds "7"]
[EventType "team-swiss"]
[EventDate "2024.12.26"]

1. d4 {[%clk 01:30:57]} {[%emt 00:00:02]} d5 {[%clk 01:30:55]} {[%emt
00:00:06]} 2. c4 {[%clk 01:31:22]} {[%emt 00:00:05]} c6 {[%clk 01:30:58]}
{[%emt 00:00:27]} 3. Nc3 {[%clk 01:31:39]} {[%emt 00:00:13]} Nf6 {[%clk
01:31:19]} {[%emt 00:00:09]} 4. Bg5 {[%clk 01:31:57]} {[%emt 00:00:11]} e6
{[%clk 01:31:15]} {[%emt 00:00:35]} 5. e3 {[%clk 01:32:16]} {[%emt 00:00:11]}
Be7 {[%clk 01:31:23]} {[%emt 00:00:22]} 6. Nf3 {[%clk 01:32:38]} {[%emt
00:00:08]} Nbd7 {[%clk 01:31:33]} {[%emt 00:00:20]} 7. Bd3 {[%clk 01:32:54]}
{[%emt 00:00:14]} O-O {[%clk 01:30:58]} {[%emt 00:01:05]} 8. Qc2 {[%clk
01:33:13]} {[%emt 00:00:10]} h6 {[%clk 01:31:11]} {[%emt 00:00:17]} 9. Bh4
{[%clk 01:33:37]} {[%emt 00:00:06]} dxc4 {[%clk 01:31:00]} {[%emt 00:00:42]}
10. Bxc4 {[%clk 01:33:54]} {[%emt 00:00:13]} c5 {[%clk 01:30:49]} {[%emt
00:00:41]} 11. O-O {[%clk 01:32:38]} {[%emt 00:01:46]} b6 {[%clk 01:30:31]}
{[%emt 00:00:49]} 12. Rad1 {[%clk 01:31:37]} {[%emt 00:01:30]} Qc7 {[%clk
01:24:01]} {[%emt 00:07:00]} 13. Bg3 {[%clk 01:30:40]} {[%emt 00:01:27]} Bd6
{[%clk 01:23:48]} {[%emt 00:00:44]} 14. Nb5 {[%clk 01:30:35]} {[%emt 00:00:34]}
Bxg3 {[%clk 01:17:15]} {[%emt 00:07:03]} 15. Nxc7 {[%clk 01:30:34]} {[%emt
00:00:30]} Bxc7 {[%clk 01:17:38]} {[%emt 00:00:07]} 16. dxc5 {[%clk 01:28:51]}
{[%emt 00:02:13]} Nxc5 {[%clk 01:17:01]} {[%emt 00:01:06]} 17. b4 {[%clk
01:28:27]} {[%emt 00:00:54]} Ncd7 {[%clk 01:16:30]} {[%emt 00:01:01]} 18. Bb5
{[%clk 01:28:02]} {[%emt 00:00:54]} Bb8 {[%clk 01:16:01]} {[%emt 00:01:00]} 19.
Qa4 {[%clk 01:27:52]} {[%emt 00:00:35]} a6 {[%clk 01:15:36]} {[%emt 00:01:01]}
20. Bc6 {[%clk 01:26:11]} {[%emt 00:02:09]} b5 {[%clk 01:15:48]} {[%emt
00:00:20]} 21. Bxb5 {[%clk 01:25:48]} {[%emt 00:00:53]} Nb6 {[%clk 01:15:48]}
{[%emt 00:00:29]} 22. Qc2 {[%clk 01:24:30]} {[%emt 00:01:39]} axb5 {[%clk
01:15:55]} {[%emt 00:00:32]} 23. Qc6 {[%clk 01:24:09]} {[%emt 00:00:43]} Nfd7
{[%clk 01:14:43]} {[%emt 00:01:50]} 24. Rd2 {[%clk 01:21:11]} {[%emt 00:03:23]}
Ra7 {[%clk 01:08:34]} {[%emt 00:06:44]} 25. Nd4 {[%clk 01:17:16]} {[%emt
00:04:24]} Bb7 {[%clk 01:07:54]} {[%emt 00:01:11]} 26. Qc2 {[%clk 01:16:36]}
{[%emt 00:00:59]} Rc8 {[%clk 01:05:16]} {[%emt 00:03:19]} 27. Qb2 {[%clk
01:16:05]} {[%emt 00:00:57]} Nc4 {[%clk 01:05:35]} {[%emt 00:00:15]} 28. Qc3
{[%clk 01:15:37]} {[%emt 00:00:53]} Ra3 {[%clk 01:05:10]} {[%emt 00:01:01]} 29.
Nb3 {[%clk 01:11:44]} {[%emt 00:04:22]} Nxd2 {[%clk 01:04:23]} {[%emt
00:01:17]} 30. Qxd2 {[%clk 01:11:21]} {[%emt 00:00:52]} Nb6 {[%clk 01:01:39]}
{[%emt 00:03:16]} 31. Rc1 {[%clk 01:09:15]} {[%emt 00:02:34]} Rxc1+ {[%clk
01:01:37]} {[%emt 00:00:35]} 32. Qxc1 {[%clk 01:09:35]} {[%emt 00:00:10]} Rxa2
{[%clk 00:55:42]} {[%emt 00:06:26]} 33. Kf1 {[%clk 01:03:33]} {[%emt 00:06:30]}
Nc4 {[%clk 00:54:21]} {[%emt 00:01:52]} 34. Qd1 {[%clk 01:00:28]} {[%emt
00:03:28]} Bd6 {[%clk 00:51:04]} {[%emt 00:03:54]} 35. Nd4 {[%clk 00:55:51]}
{[%emt 00:05:01]} Bd5 {[%clk 00:44:53]} {[%emt 00:06:47]} 36. Nxb5 {[%clk
00:54:14]} {[%emt 00:02:07]} Bxb4 {[%clk 00:45:14]} {[%emt 00:00:09]} 37. h3
{[%clk 00:49:26]} {[%emt 00:05:16]} Rb2 {[%clk 00:37:37]} {[%emt 00:08:08]} 38.
Kg1 {[%clk 00:40:38]} {[%emt 00:09:17]} Nd2 {[%clk 00:34:04]} {[%emt 00:04:04]}
39. Kh2 {[%clk 00:39:17]} {[%emt 00:01:50]} Bc5 {[%clk 00:32:45]} {[%emt
00:01:50]} 40. Qc1 {[%clk 00:37:06]} {[%emt 00:02:28]} Rxb5 {[%clk 00:27:18]}
{[%emt 00:06:10]} 41. Qxd2 {[%clk 00:37:03]} {[%emt 00:00:32]} Bb4 {[%clk
00:25:56]} {[%emt 00:01:53]} 42. Qd3 {[%clk 00:33:08]} {[%emt 00:04:23]} Bd6+
{[%clk 00:21:23]} {[%emt 00:05:04]} 43. g3 {[%clk 00:30:42]} {[%emt 00:02:56]}
Rb2 {[%clk 00:21:19]} {[%emt 00:00:34]} 44. Kg1 {[%clk 00:30:33]} {[%emt
00:00:37]} Bb4 {[%clk 00:07:47]} {[%emt 00:14:04]} 45. e4 {[%clk 00:28:00]}
{[%emt 00:03:02]} Rd2 {[%clk 00:04:39]} {[%emt 00:03:39]} 46. Qb1 {[%clk
00:26:39]} {[%emt 00:01:37]} Bc5 {[%clk 00:28:11]} {[%emt 00:07:13]} 47. exd5
{[%clk 00:56:42]} {[%emt 00:00:26]} Bxf2+ {[%clk 00:28:32]} {[%emt 00:00:10]}
48. Kf1 {[%clk 00:55:57]} {[%emt 00:01:11]} Bxg3 {[%clk 00:27:38]} {[%emt
00:01:28]} 49. dxe6 {[%clk 00:56:06]} {[%emt 00:00:21]} Rf2+ {[%clk 00:26:33]}
{[%emt 00:01:35]} 50. Kg1 {[%clk 00:56:07]} {[%emt 00:00:25]} fxe6 {[%clk
00:24:22]} {[%emt 00:02:46]} 51. Qb3 {[%clk 00:55:12]} {[%emt 00:01:16]} Bh4
{[%clk 00:24:30]} {[%emt 00:00:31]} 52. Qxe6+ {[%clk 00:55:24]} {[%emt
00:00:17]} Rf7 {[%clk 00:24:33]} {[%emt 00:00:27]} 1/2-1/2